Statistics for SCP Quiz (for beginners)

Click here to take the quiz!

General Stats

  • This quiz has been taken 124 times
  • The average score is 9 of 15

Answer Stats

HintAnswer% Correct
If you see its face, you are deadSCP 096 (shy guy)
94%
PeanutSCP 173 (The statue)
94%
Cute and healing SCPSCP 999 (The tickle monster)
89%
Makes Zombies out of people that he has touchedSCP 049 (plague doctor)
86%
Huge reptile with quick healing processSCP 682 (Hard to destroy reptile)
79%
A virus that turns citizens into zombiesSCP 008 (zombie plague)
73%
Meatball looking room that digests peopleSCP 002 (The "living" room)
71%
Old man that is able to go through wall and leaves a
trail of acid
SCP 106 (Old man)
70%
Is able to imitate peoples voicesSCP 939 (With many voices)
59%
Infinite stairwellSCP 087 (Infinite stairwell)
55%
Is "able" to kill all foundation personelSCP 076 (Able)
47%
Little child that makes people aggressiveSCP 053 (Young girl)
38%
A building with an extreme amount of pipesSCP 015 (Pipe nightmare)
34%
Teddy bear that is able to build replicas of himself out
of any material
SCP 1048 (Builder Bear)
33%
Red coin shaped object that is a key to another world
if placed on a mirror
SCP 093 (Red sea object)
23%

Score Distribution

Percentile by Number Answered

Percent of People with Each Score

Your Score History

You have not taken this quiz